Hull City all-time top appearances - Statistics

General Stats
  • This quiz has been taken 6 times
  • The average score is 7 of 10
Answer Stats
Apps Nationality Player % Correct
285 England Andy Dawson
100%
217 Egypt Ahmed El Mohamady
83%
191 Ireland David Meyler
83%
196 England Ian Ashbee
83%
254 United Staates / Wales Boaz Myhill
67%
196 England Nick Barmby
67%
173 England Tom Huddlestone
67%
171 England Jacob Greaves
50%
171 England / Wales James Chester
33%
165 Ireland Damien Delaney
17%
No matching quizzes found
Score Distribution
Percent of People with Each Score
Percentile by Number Answered
Your Score History
You have not taken this quiz